000 00579nam a2200193Ia 4500
003 GCL
008 140319s9999 xx 000 0 ara d
040 _aGCL /
_cGCL
082 0 4 _aم
_b953.0697
_bن ت
100 1 _aناجى معروف
245 1 0 _aتاريخ علماء المستنصرية /
_cناجى معروف
300 _a284 ص
490 _a100 قصة
_v0
650 0 4 _aالتاريخ الاسلامى
650 0 4 _aالدولة العباسية
650 0 4 _aالعراق - تاريخ
650 0 4 _aالمستنصر بالله العباسى
942 _2ddc
_cBK
999 _c46381
_d46381